Conservations on art and performance (Record no. 11338)

MARC details
000 -LEADER
fixed length control field 00540nam a2200181Ia 4500
005 - DATE AND TIME OF LATEST TRANSACTION
control field 20250806113125.0
008 - FIXED-LENGTH DATA ELEMENTS--GENERAL INFORMATION
fixed length control field 231207s9999 xx 000 0 und d
020 ## - INTERNATIONAL STANDARD BOOK NUMBER
International Standard Book Number 9780801859250
040 ## - CATALOGING SOURCE
Transcribing agency PK-LaNCA
082 ## - DEWEY DECIMAL CLASSIFICATION NUMBER
Classification number 701
Item number MAR
100 ## - MAIN ENTRY--PERSONAL NAME
Author Name Marranca, Bonnie (Editor)
245 #0 - TITLE STATEMENT
Title Conservations on art and performance
Statement of responsibility, etc. Edited by Bonnie Marranca
260 ## - PUBLICATION, DISTRIBUTION, ETC.
Name of publisher, distributor, etc. The Johns Hopkins University Press
Place of publication, distribution, etc. Maryland
Date of publication, distribution, etc. 1999
300 ## - PHYSICAL DESCRIPTION
Pages xiv, 506p
546 ## - LANGUAGE NOTE
Language note English
650 ## - SUBJECT ADDED ENTRY--TOPICAL TERM
Subject Performing arts, Art--Essays, Art--Criticism
942 ## - ADDED ENTRY ELEMENTS (KOHA)
Koha item type MA Visual Arts
999 ## -
-- 11338
-- 11338
Holdings
Withdrawn status Weedout from Library Permanent Location Current Location Shelving location Date acquired Full call number Barcode Price effective from Koha item type
    NATIONAL COLLEGE OF ARTS, LAHORE - LIBRARY NATIONAL COLLEGE OF ARTS, LAHORE - LIBRARY M.A Visual Art Section Library Basement 08/12/2023 701 MAR 15165 15165 08/12/2023 MA Visual Arts